एक थे प्रो.बी.लाल / (Record no. 113642)

MARC details
000 -LEADER
fixed length control field 00988nam a22002537a 4500
005 - DATE AND TIME OF LATEST TRANSACTION
control field 20170124102956.0
010 ## - LIBRARY OF CONGRESS CONTROL NUMBER
LC control number A-648484
020 ## - INTERNATIONAL STANDARD BOOK NUMBER
Terms of availability 50.00
International Standard Book Number 8170161592
035 ## - SYSTEM CONTROL NUMBER
System control number A-648484
037 ## - SOURCE OF ACQUISITION
Source of stock number/acquisition Cen Lib/Ret
040 ## - CATALOGING SOURCE
Original cataloging agency DPL
Language of cataloging HN
082 ## - DEWEY DECIMAL CLASSIFICATION NUMBER
Classification number
Item number मिथिले
100 ## - MAIN ENTRY--PERSONAL NAME
Personal name मिथिलेश्वर
9 (RLIN) 43304
245 ## - TITLE STATEMENT
Title एक थे प्रो.बी.लाल /
Statement of responsibility, etc मिथिलेश्वर
246 ## - VARYING FORM OF TITLE
Title proper/short title Ek the Pro. B.Lal /
Remainder of title by Mithileshwar
260 ## - PUBLICATION, DISTRIBUTION, ETC. (IMPRINT)
Name of publisher, distributor, etc किताबघर
Place of publication, distribution, etc नयी दिल्ली
Date of publication, distribution, etc 1993
270 ## - ADDRESS
City नयी दिल्ली
Address 24, अंसारी रोड, दरयागंज
Postal code 110002
300 ## - PHYSICAL DESCRIPTION
Extent 141पृ.
Dimensions 16सेमी(सजिल्द )
650 ## - SUBJECT ADDED ENTRY--TOPICAL TERM
Topical term or geographic name as entry element हिंदी साहित्य
General subdivision
Geographic subdivision
9 (RLIN) 53192
650 ## - SUBJECT ADDED ENTRY--TOPICAL TERM
Topical term or geographic name as entry element हिंदी कहानियां
9 (RLIN) 2082
650 ## - SUBJECT ADDED ENTRY--TOPICAL TERM
Topical term or geographic name as entry element Hindi literature
9 (RLIN) 53193
650 ## - SUBJECT ADDED ENTRY--TOPICAL TERM
Topical term or geographic name as entry element Hindi stories
9 (RLIN) 53194
942 ## - ADDED ENTRY ELEMENTS (KOHA)
Source of classification or shelving scheme Dewey Decimal Classification
Koha item type Hindi Books
Classification part
Call number suffix मिथिले
Holdings
Withdrawn status Lost status Damaged status Not for loan Home library Current library Date acquired Source of acquisition Cost, normal purchase price Total Checkouts Full call number Barcode Date last seen Copy number Cost, replacement price Price effective from Koha item type Public note
Written off       Central Library Central Library 13/08/2015 Cen Lib/Ret 50.00   क मिथिले A-648484 13/08/2015 1 50.00 13/08/2015 Hindi Books Written off on approval by DLB (By Circulation); dtd 15-06-2023

© Delhi Public Library
Hit Counter
free hit counter